00450nam a22001337a 4500008004100000020001800041041000900059245008300068260006600151300001900217650003500236700002700271700001800298150519b xxu||||| |||| 00| 0 eng d a97892808110490 aENG 00aThe UN role in promoting democracy :cedited by Edward Newman and Roland Rich. aTokyo ;aNew York :bUnited Nations University Press,cc2004. a357 f c24 cm. 0aDemocratizationvCase studies. aNewman, Edward,c1970- aRich, Roland.